1903 1102 1784 1932 1198 1974 1065 1442 1519 1504 1526 1491 1094 1978 1413 1529 1370 1613 1926 1613 1655 1997 1577 1367 1547 1621 1144 1033 1378 1895 1002 1107 1054 1527 1265 1103 1726 1639 1537 1397 1877 1156 1129 1259 1201 1298 1578 1577 1126 1612 1243 1310 1814 1271 1956 1434 1687 1853 1781 1324 1266 1185 1028 1476 1866 1546 1802 1077 1806 1966 1017 1594 1991 1521 1559 1753 1467 1669 1700 1650 1232 1674 1052 1649 1100 1620 1014 1824 1661 1776 1189 1045 1467 1151 1859 1732 1999 1124 1158 BCNSPRNW ULIB Ver.6.0+V

เปลี่ยนเป็นภาษาไทย

Change to English
 แสดงรายละเอียดบรรณานุกรม
  กลับหน้าหลัก

Brief Record : Get Marc (ISO 2709) : E-mail record : QR code < ปิดหน้าต่าง
LEADER : 00000nam 2200000uu 4500
001    13399120884
003     ULIB
008    121022s2549||||th 000 0 tha d
099    วจ.HF5549^bส813อ
100 0  สุนทรา โตบัว และอารีย์ แสงรัศมี
245 00 องค์ประกอบและปัจจัยที่มีอิทธิพลต่อคุณภาพชีวิตการทำงานของอาจารย์พยาบาลสังกัดสถาบันพระบรมราชชนก/^cสุนทรา โตบัว และอารีย์ แสงรัศมี
246 0  Factors analysis and factors affecting quality of working life in nurse instructors at Praboromarajachanok institute
260    นนทบุรี:^bวิทยาลัยพยาบาลบรมราชชนนีนพรัตน์ วิชิระ,^c2549
300    78 แผ่น
650  7 คุณภาพชีวิตการทำงาน^xวิจัย
650  7 อาจารย์พยาบาล^xวิจัย
945    ^p0^l0^i032858
999    ^aใช้งานได้ทุกระบบ
รายการนี้ยังไม่มีแท็ก
คุณยังไม่ได้ล็อกอิน คุณสามารถมีกิจกรรมร่วมกับเว็บไซต์ได้ แต่ต้องล็อกอินก่อน ::
  ล็อกอิน

รายการสื่อสารสนเทศ

ลำดับที่ ประเภท เลขเรียก/บาร์โค้ด สถานที่ สถานะ
1. งานวิจัย
งานวิจัย
วจ.HF5549 ส813อ  
  Barcode: 032858
ห้องสมุดวิทยาเขตสวรรค์ประชารักษ์
►วิจัย
บนชั้น

BibComment


ยังไม่เคยถูกคอมเมนท์

คอมเมนท์ทรัพยากรรายการนี้
  คอมเมนท์: องค์ประกอบและปัจจ..


 Copyright 2026. Bcnsprnw @Library